000 00795cam a2200265u 4500
001 6200
003 BD-RjUL
005 20211208234214.0
008 140109r19591952enk 000 0 eng
035 _a(BD-RjUL)6240
040 _aDLC
_cCarP
_dBD-RjUL
_beng
041 _aeng
082 0 4 _221
_a515.42
_bHOT 1959
100 1 _aHodge, W. V. D.
_q(William Vallance Douglas),
_d1903-
_919493
245 1 4 _aThe theory and applications of harmonic integrals.
_cW. V. D. Hodge
250 _a[2d ed.]
260 _aCambridge [Eng.]
_bUniversity Press,
_c1952 [reprinted 1959].
300 _aix, 282 p. ;
_c22 cm.
650 0 _aIntegrals.
_919494
650 0 _aRiemann surfaces.
_919495
650 0 _aContinuous groups.
_919496
942 _2ddc
_cBK
999 _c6200
_d6200